Literature - British Literature | 0 | 3 | 0 | 0 | 30 | 80 | 100.33 | 0 | 1 |
Fine Arts - Classical Music | 0 | 3 | 0 | 0 | 30 | 68 | 88.33 | 0 | 2 |
Philosophy | 0 | 3 | 1 | 1 | 25 | 87 | 110.00 | 0 | 0 |
Science - Physics | 0 | 3 | 2 | 3 | 20 | 121 | 128.00 | 0 | 0 |
Literature - American Literature | 0 | 2 | 0 | 1 | 20 | 45 | 92.00 | 1 | 1 |
Religion | 0 | 2 | 0 | 0 | 20 | 70 | 78.00 | 0 | 0 |
Fine Arts - Other Fine Arts | 0 | 2 | 0 | 1 | 20 | 129 | 136.00 | 1 | 1 |
Science - Biology | 0 | 1 | 0 | 0 | 10 | 114 | 114.00 | 0 | 0 |
Science - Other Science | 0 | 1 | 0 | 0 | 10 | 69 | 69.00 | 0 | 1 |
Social Science | 0 | 1 | 0 | 0 | 10 | 74 | 74.00 | 1 | 1 |
History - European History | 0 | 1 | 0 | 0 | 10 | 22 | 22.00 | 1 | 1 |
History - Other History | 0 | 1 | 0 | 0 | 10 | 64 | 64.00 | 0 | 1 |
Literature - European Literature | 0 | 1 | 0 | 0 | 10 | 85 | 85.00 | 0 | 1 |
Literature - World Literature | 0 | 1 | 0 | 0 | 10 | 97 | 97.00 | 0 | 1 |
Mythology | 0 | 1 | 0 | 0 | 10 | 117 | 117.00 | 0 | 0 |
Other | 0 | 1 | 0 | 0 | 10 | 88 | 88.00 | 1 | 1 |